banner koha

Lista dos linguados do Brasil (Registro n. 265096)

MARC details
000 -LÍDER
campo de controle de tamanho fixo 00948nac a22002897a 4500
001 - NÚMERO DE CONTROLE
campo de controle BR7326126
003 - IDENTIFICADOR DO NÚMERO DE CONTROLE
campo de controle BR-BrBNA
005 - DATA E HORÁRIO DA ÚLTIMA TRANSAÇÃO
campo de controle 20240105113716.0
008 - CAMPO DE DADOS FIXOS--INFORMAÇÃO GERAL
campo de controle de tamanho fixo 230509b bl.|||m| |||| 00| 0 por d
040 ## - FONTE DA CATALOGAÇÃO
Instituição da catalogação original BR-BrBNA
Idioma da catalogação por
Instituição que transcreveu o registro Biblioteca Nacional de Agricultura
072 ## - CÓDIGO DE CATEGORIA DE ASSUNTO
Código de Categoria de Assunto L60
090 ## - NÚMERO DE CHAMADA LOCAL
Número de chamada 8170 BR7326126
100 1# - ENTRADA PRINCIPAL--NOME PESSOAL
Nome pessoal Carvalho, J.P.
100 1# - ENTRADA PRINCIPAL--NOME PESSOAL
Nome pessoal Tommasi, L.R.
100 1# - ENTRADA PRINCIPAL--NOME PESSOAL
Nome pessoal Novelli, M.D.
110 1# - ENTRADA PRINCIPAL--NOME CORPORATIVO
Nome corporativo ou nome da jurisdição Universidade de Sao Paulo, Sao Paulo (Brasil). Inst. Oceanografico
9 (RLIN) 10550
245 1# - TÍTULO
Título Lista dos linguados do Brasil
260 3# - PUBLICAÇÃO, DISTRIBUIÇÃO, ETC.
Local de publicação, distribuição, etc. Sao Paulo, SP (Brasil):
Data da publicação, distribuição, etc. 1968.
300 ## - DESCRIÇÃO FÍSICA
Extensão 26 p.
490 ## - TÍTULO DA SÉRIE
Título da série Contribuicoes Avulsas - Universidade de Sao Paulo. Inst. Oceanografico (Brazil)
Número do volume ou designação sequencial da série no. 14
ISSN - International Standard Serial Number
500 ## - NOTA GERAL
Nota geral Bibliography p. 23-26 (53 ref.); Summaries (En, Pt)
650 ## - ASSUNTO--TERMO TÓPICO
Cabeçalho tópico ou nome geográfico LINGUADO
650 ## - ASSUNTO--TERMO TÓPICO
Cabeçalho tópico ou nome geográfico DISTRIBUICAO GEOGRAFICA
650 ## - ASSUNTO--TERMO TÓPICO
Cabeçalho tópico ou nome geográfico TAXONOMIA ANIMAL
909 ## -
-- 202312
-- Lúcia Elande
-- 55
-- Lúcia Elande
942 ## - ELEMENTOS DE ENTRADA ADICIONADOS (KOHA)
Fonte da classificação ou esquema de arquivamento na estante Classificação AGRIS
Ocultar no OPAC Não
Tipo de material Koha Monografia Seriada
Exemplares
Situação do descarte Fonte da classificação ou esquema de arquivamento na estante Situação física Não pode ser emprestado Coleção Biblioteca de origem Biblioteca atual Localização na estante Total de empréstimos Número de telefone completo Código de barras Data de último acesso Tipo de material Koha Fonte de aquisição
  Classificação AGRIS       Biblioteca Nacional de Agricultura - Binagri Biblioteca Nacional de Agricultura - Binagri Agrobase - Acervo Geral   8170 BR7326126 8170 BR7326126 18/12/2023 Monografia Seriada Portaria Interministerial nº 164/94

BINAGRI

Telefone: (61)3218-2567/2388/3357/2097 - binagri@agro.gov.br

Ministério da Agricultura e Pecuária , Esplanada dos Ministérios, Bloco D, Anexo B, Brasília/DF, CEP: 70.043-900